History Quiz

Random History or Country Quiz
Score 0/42 Timer 08:00
1 Play Today
Years in Empire Modern Country % Correct
1500-1822Brazil
95.5%
1139-PresentPortugal
91.1%
1415-1640Spain
89.4%
1635-1814France
73.2%
1498-1961India
72.9%
1553-1999China
70.1%
1458-1769Morocco
69.5%
1575-1975Angola
69.4%
1512-1854Indonesia
65.8%
1498-1975Mozambique
65.6%
1571-1638Japan
60.2%
1511-1641Malaysia
53.5%
1462-1975Cabo Verde
51.3%
1505-1658Sri Lanka
50.6%
1496-1550Madagascar
50.1%
1680-1822Uruguay
50%
1511-1767Thailand
47.8%
1470-1975São Tomé and Príncipe
47.6%
1499-1729Kenya
46.8%
1687-1974Guinea-Bissau
46.2%
1482-1642Ghana
46.1%
Years in Empire Modern Country % Correct
1503-1698Tanzania
45.8%
16th CSomalia
45.7%
1444-1888Senegal
45.4%
1506-1622Iran
45.3%
1515-1650Oman
43.9%
1506-1538Yemen
43.8%
1599-1613Myanmar
42.8%
1642-2002Timor-Leste
42.6%
1721-1961Benin
42.4%
1536-1749Bangladesh
42%
1455-1633Mauritania
40.7%
1524-1549Saudi Arabia
40.4%
1474-1778Equatorial Guinea
39.9%
16th CUnited Arab Emirates
36.3%
1518-1573Maldives
35.5%
1507-1598Mauritius
35.4%
1517-1538Qatar
34.6%
1505-17th CComoros
34.4%
1521-1602Bahrain
31.7%
1568-1720Zimbabwe
30.8%
1536-1620Barbados
16.3%
Remove Ads.
Support Sporcle.
Get the best of Sporcle when you Go Orange. This ad-free experience offers more features, more stats, and more fun while also helping to support Sporcle. Thank you for becoming a member.

You're not logged in!

Compare scores with friends on all Sporcle quizzes.
OR
Log In

Sporcle TV

Today on Sporcle TV


Watch our educational content, quiz creation guides, and fun videos on Sporcle TV.

Show Comments

Extras

Top Quizzes Today


Score Distribution

Paid Content

Your Account Isn't Verified!

In order to create a playlist on Sporcle, you need to verify the email address you used during registration. Go to your Sporcle Settings to finish the process.

Report this User

Report this user for behavior that violates our Community Guidelines.

Details: